000 00676nam a2200253Ia 4500
003 OSt
005 20220924122253.0
006 a|||||r|||| 00| 0
007 ta
008 220923b |||||||| |||| 00| 0 urd d
020 _c18
024 _a322885
037 _cTextual
040 _aARTS
_cARTS
_burd
041 _2urd
_aurd
082 _aO168,5M88x, H4
100 _aShorish Kashmiri Au.
_9188948
245 0 _aKhutbat-e-Aazad
260 _aLahore
_bMaktaba-e-sher-o-adab Pakistan
_c1944
300 _a339p.
_ccm.
650 _aURDU SengCHES
942 _hO168,5M88x, H4
_cTEXL
_2CC
999 _c411008
_d411008